Дело по отчету Московской дирекции

RUSMARC
00005025cbc2a2200000#x 450
0014aa6f40e-c733-44eb-a0fd-5a72a0e6772b
00520190802133336.0
100##$a20161027l18101811k l0rusy0189 ca
1010#$arus
102##$aRU
2001#$aДело по отчету Московской дирекции
$j14 сентября 1810 г. - 1811 г.
251##$cДело
300##$aРукописный текст. Чернила
801#0$aRU
$bРГИА
$c20161027
801#1$aRU
$bГлавНИВЦ
$c20161027
$2rusmarc
801#2$aRU
$bПБ им. Б.Н. Ельцина
$c20181001
$gRCR
$2rusmarc
850##$aФедеральное казенное учреждение "Российский государственный исторический архив" (РГИА)
852##$aРГИА
$j592
937##$hРГИА
$d12234134
$aASBIBLIO_SCAN
462#0$1001dd3991dc-24e1-42ec-8838-ca4255420416
$12001
$a1746-1850 гг.
$vД. 592
$1251
$cОпись
$1852
$j1
461#0$10019264ebf8-de62-4f1a-9eb4-9f22098dbbd5
$12001
$aДирекция императорских театров МИДв
$1251
$cФонд
$1852
$j497
215##$a19 листов
$d36,5х26 см
371##$aДокумент не является опубликованным и широко распространяемым
105##$ay###
1222#$ad18100914##
$ad1811######
035##$a4aa6f40e-c733-44eb-a0fd-5a72a0e6772b
856##$uhttp://readingroom.main.prlib.ru/item.aspx?id_node=n118775965&mode=full
686##$2rubbk
$a85.334.3(2=411.2)52ю1
$vLBC/M
686##$a63.3(2)521-7ю1
$vLBC/M
$2rubbk
605##$2acquisition_Prlib
$3DITM\AF\0000003834
$aНарод
$lколлекция
605##$aГод театра в России
$lколлекция
$2acquisition_Prlib
$3LIBNET\UAF\0000080478
60101$2prlib_sh
$3LIBNET\UAF\0000080151
$aРоссия
$bДирекция императорских театров
$jДокументы и материалы
$xДеятельность
60101$2prlib_sh
$3LIBNET\UAF\0000084209
$aРоссия
$bДирекция императорских театров
$bМосковская контора
$jДокументы и материалы
Формат отображения